000 00887cam a22002651 4500
999 _c9622
_d9622
001 9622
003 BD-JhCC
005 20180321112140.0
008 180320s1965 rusa b 000 0 eng
035 _a(OCoLC)1710198
_a(BD-JhCC)9622
040 _aDLC
_cFMU
_dWaU
_dOCoLC
_dDLC
_dBD-JhCC
041 1 _aeng
_hrus
050 0 0 _aTN870
_b.M9853
082 _bMUR 1965
_a622.338
100 1 _aMuravʹev, I. M.
_q(Ivan Mikhaĭlovich),
_d1899-
245 1 0 _aDevelopment and exploitation of oil and gas fields /
_cI. Muravyov [and others] Translated from the Russian; translation editor: Alexander Gurevich.
260 _aMoscow :
_bPeace publishers,
_c1965.
300 _a503 p.
_billus.
_c23 cm.
504 _aBibliography: p. [491]-494.
650 0 _aOil reservoir engineering.
650 0 _aOil fields
_xProduction methods.
650 0 _aNatural gas.
942 _2ddc
_cBK